书目信息 |
| 题名: |
稀土冶金学
|
|
| 作者: | 吕松涛 编 | |
| 分册: | ||
| 出版信息: | 北京 冶金工业出版社 1984 |
|
| 页数: | 159页 | |
| 开本: | 21cm | |
| 丛书名: | ||
| 单 册: | ||
| 中图分类: | TF845 | |
| 科图分类: | ||
| 主题词: | 稀土金属-有色金属冶金--高等学校--教材 , 有色金属冶金-稀土金属--高等学校--教材 | |
| 电子资源: | ||
| ISBN: | ||
| 000 | 00711nam0 2200265 45 | |
| 001 | 0184016026 | |
| 005 | 20060731083828.84 | |
| 010 | @dCNY0.69 | |
| 091 | @a15062.3520 | |
| 100 | @a19950420d1984 em y0chiy0121 ea | |
| 101 | 0 | @achi |
| 102 | @aCN@b110000 | |
| 105 | @ay z 000yy | |
| 200 | 10 | @a稀土冶金学@Axi tu ye jin xue@f吕松涛编 |
| 210 | @a北京@c冶金工业出版社@d1984 | |
| 215 | @a159页@d21cm | |
| 300 | @a高等学校教学用书 | |
| 300 | @a限国内发行 | |
| 606 | @a稀土金属-有色金属冶金@x高等学校@x教材 | |
| 606 | @a有色金属冶金-稀土金属@x高等学校@x教材 | |
| 690 | @aTF845@v3 | |
| 701 | 0 | @a吕松涛@Alu song tao@4编 |
| 801 | 2 | @aCN@bNLC@c20060731 |
| 801 | 0 | @aCN@bTSSF |
| 905 | @a10447@dTF845@e16 | |
| 稀土冶金学/吕松涛编.-北京:冶金工业出版社,1984 |
| 159页;21cm |
| 高等学校教学用书.-限国内发行 |
| ISBN :CNY0.69 |
| ● |
| 相关链接 |
|
|
|
|
正题名:稀土冶金学
索取号:TF845/16
 
预约/预借
| 序号 | 登录号 | 条形码 | 馆藏地/架位号 | 状态 | 备注 |
| 1 | 0439057 | 204390578 | 密集书库/ [索取号:TF845/16] | 在馆 | |
| 2 | 0439058 | 204390587 | 密集书库/ [索取号:TF845/16] | 在馆 | |
| 3 | 0439059 | 204390596 | 密集书库/ [索取号:TF845/16] | 在馆 |